[Event "GER-ch Blitz Women 2020"]
[Site "Magdeburg"]
[Date "2020.08.15"]
[Round "14.6"]
[White "Voicu-Jagodzinsky, Carmen"]
[Black "Muetsch, Annmarie"]
[Result "0-1"]
[WhiteElo "2244"]
[BlackElo "2219"]
[Annotator "TA"]
[PlyCount "76"]
[EventDate "2020.07.28"]
[EventType "tourn"]
[EventCountry "GER"]
[SourceTitle "playchess.com"]
[Source "ChessBase"]
[SourceQuality "1"]

{[%evp 12,76,0,0,11,-2,-4,-16,0,-11,0,1,23,18,25,-2,6,0,15,5,79,22,20,20,17,-3,-6,-37,-27,-37,18,10,23,0,51,0,75,52,73,0,73,50,76,84,91,67,66,66,73,20,107,27,29,37,47,40,257,44,53,-109,-72,-194,-198,-1097,-1095,-29989,-29990]} 1. Nf3 Nf6 2. g3 g6 3. b3 Bg7 4. Bb2 d6 5. Bg2 O-O 6. c4 e5 7. d3 Nc6 {A15: English Opening: 1...Nf6.} 8. a3 a5 9. Nbd2 Bd7 {The position is equal.} 10. O-O {[#]} h6 $146 ({Predecessor:} 10... Ne8 11. Qc2 f5 12. c5 Rc8 13. b4 b6 14. b5 Ne7 15. Qb3+ d5 16. Ng5 Nf6 17. c6 Be8 18. Ne6 Qd6 19. Nxf8 Kxf8 20. Nf3 Ng4 21. h3 Nh6 22. a4 {1-0 (22) Herrera,M (2063)-Leon Acevedo,J (1714) Medellin 2018}) 11. Qc2 Ne8 12. e3 f5 13. Rad1 g5 14. Ne1 f4 15. exf4 gxf4 (15... exf4 $11 16. Bd5+ Kh8) 16. Ne4 (16. Nef3 $16) 16... Nf6 17. Nxf6+ Qxf6 18. Nf3 Bg4 19. Rd2 Rae8 20. h3 Bxf3 (20... Bd7 $15) 21. Bxf3 $11 Qg5 22. g4 Ne7 ({Black should try} 22... Nd8 $11) 23. d4 (23. Bxb7 f3 $17) (23. Kh2 $14) 23... Ng6 (23... exd4 $11 24. Bxd4 (24. Bxb7 c5 $11) 24... Bxd4 25. Rxd4 Nc6 26. Bxc6 (26. Bd5+ Kg7 $11) 26... bxc6) 24. dxe5 ({Much weaker is} 24. Bxb7 f3 $11) 24... Bxe5 {[#]} 25. Be4 ({Much worse is} 25. Bxb7 f3 $11) (25. c5 $1 $16) 25... Nh4 (25... Rf6 $11) 26. f3 c6 27. Bxe5 Qxe5 28. Rfd1 Qc5+ 29. Kh2 Rf6 {[#]} 30. Qc3 (30. Qb2 $1 $16 {[%cal Rb2f6]} Rfe6 31. Rd4) 30... Ref8 (30... Kf7 $11 {keeps the balance.} 31. Rc2 Rfe6) 31. b4 (31. Qb2 $16) 31... axb4 32. axb4 Qe3 33. Rc2 $36 {[%mdl 2048] White fights for an advantage.} Qa7 $2 ({Black should play} 33... Qxc3 $14 34. Rxc3 Ng6) 34. c5 $2 (34. Re2 $18) 34... d5 $14 35. Bd3 $2 (35. Bf5 $1 $14) 35... Qb8 36. Bf1 (36. Bf5 $17) 36... Re6 $19 {Hoping for ...Re3.} 37. Qd3 $2 (37. Rd3) 37... Re3 {[%mdl 64] Double Attack} 38. Qd4 Nxf3+ {[%mdl 64] Double Attack. Accuracy: White = 44%, Black = 57%.} 0-1

[Event "GER-ch Blitz Women 2020"]
[Site "Magdeburg"]
[Date "2020.08.15"]
[Round "14.7"]
[White "Leib, Britta"]
[Black "Birkholz, Olga"]
[Result "0-1"]
[WhiteElo "1903"]
[BlackElo "2001"]
[Annotator "TA"]
[PlyCount "72"]
[EventDate "2020.07.28"]
[EventType "tourn"]
[EventCountry "GER"]
[SourceTitle "playchess.com"]
[Source "ChessBase"]
[SourceQuality "1"]

{[%evp 14,72,20,6,21,0,23,0,118,0,0,0,89,89,105,110,139,173,182,193,160,164,165,141,141,131,176,175,240,239,248,254,314,254,231,135,130,142,134,133,132,-59,-60,-715,-717,-739,-695,-754,-745,-788,-737,-790,-716,-733,-718,-866,-843,-29955,-29958,-29956,-6323]} 1. e4 c5 2. Nf3 d6 3. d4 cxd4 4. Nxd4 Nf6 5. Nc3 a6 6. f4 g6 7. Be2 Bg7 8. Be3 O-O {B93: Sicilian Najdorf: 6 f4.} 9. Qd2 b5 10. Bf3 {[#] Threatens to win with e5.} Bb7 $146 (10... e5 $11 11. fxe5 dxe5) ({Predecessor:} 10... e5 11. Nde2 Bb7 12. Rd1 b4 13. Na4 Bxe4 14. Bxe4 Nxe4 15. Qxb4 d5 16. Nb6 a5 17. Qxe4 Qxb6 18. Qxd5 Qxe3 19. Qxa8 exf4 {0-1 (37) Perez Alvarez,J (1727)-Camarero Izquierdo,J (1928) Parla 2008}) 11. O-O-O (11. e5 $16 dxe5 12. Bxb7 exd4 13. Bxd4 (13. Bxa8 dxe3 14. Qxe3 e5 $16)) 11... b4 $1 $11 {[%cal Rb4c3]} 12. Nd5 Nxd5 (12... Nbd7 $1 $11 {remains equal.}) 13. exd5 $16 Qa5 {[#]} 14. Kb1 $1 Bxd5 15. Nb3 $36 {[%mdl 2048] White is on the roll.} Bxb3 16. axb3 ({Don't do} 16. cxb3 $6 Nd7 $16) 16... Nd7 17. Bxa8 Rxa8 18. Qd5 Qxd5 19. Rxd5 a5 20. Rhd1 a4 (20... h5 {keeps fighting.} 21. Rb5 Nf6) 21. bxa4 $18 Rxa4 22. Rb5 Nf8 23. Bd4 b3 24. Bxg7 (24. c3 $18) 24... bxc2+ $16 25. Kxc2 Kxg7 $18 {[%mdl 4096] Endgame KRR-KRN} 26. g3 Ne6 {and if ...Nd4+ works, Black does fine.} 27. Rd3 $2 ({Better is} 27. Kc3 $16) 27... Nd4+ $15 {[%mdl 64] [#] Double Attack} 28. Kb1 $2 {[%mdl 8192] Loses the game.} (28. Rxd4 $15 Rxd4 29. b4) 28... Nxb5 $19 {KRN-KR} 29. Rb3 Nd4 30. Rb7 Kf6 31. Kc1 Ne6 32. Kc2 Nc5 33. Rb5 Rc4+ 34. Kb1 Nd3 35. Rd5 Rc1+ 36. Ka2 Nb4+ {[%mdl 64] Double Attack. Accuracy: White = 56%, Black = 59%.} 0-1

[Event "GER-ch Blitz Women 2020"]
[Site "Magdeburg"]
[Date "2020.08.15"]
[Round "14.8"]
[White "Heinemann, Josefine"]
[Black "Zimmer, Elke"]
[Result "1-0"]
[WhiteElo "2281"]
[BlackElo "1952"]
[Annotator "TA"]
[PlyCount "59"]
[EventDate "2020.07.28"]
[EventType "tourn"]
[EventCountry "GER"]
[SourceTitle "playchess.com"]
[Source "ChessBase"]
[SourceQuality "1"]

{[%evp 9,59,43,68,66,84,84,82,81,89,76,96,97,90,81,85,86,107,104,111,37,39,34,39,20,100,0,93,114,205,202,348,226,311,326,314,284,308,303,366,346,364,354,375,361,434,381,528,512,564,507,605,493]} 1. e4 d6 2. d4 g6 3. Nc3 Bg7 4. f4 e6 5. Nf3 Nc6 6. Be3 {B06: Modern Defence.} d5 7. e5 Nge7 8. Qd2 {[#] White is better.} h5 $146 ({Predecessor:} 8... b6 9. h4 h5 10. a3 Na5 11. Ng5 Nf5 12. Rh3 Bb7 13. Bd3 Qd7 14. O-O-O a6 {0-1 (28) Cupic,T (1654)-Kljako,D (2062) Zadar 2018}) 9. g3 Nf5 10. Bf2 Bd7 11. O-O-O Qe7 12. Kb1 a6 13. Bd3 Nb4 14. Bxf5 ({White should try} 14. Be2 $16) 14... gxf5 $14 15. a3 Nc6 16. h3 b6 (16... O-O-O $11) 17. Ng5 (17. Qd3 $16) 17... Na5 (17... O-O-O $11 {keeps the balance.}) 18. g4 $16 f6 (18... hxg4 $16 19. hxg4 fxg4) 19. exf6 $18 Bxf6 (19... Qxf6 {was worth a try.} 20. Qe2 Kd8) 20. gxf5 Bxg5 21. fxg5 {[#] Threatens to win with Nxd5!} Nc4 22. Qc1 O-O-O 23. Rde1 Qg7 24. f6 ({Much less strong is} 24. fxe6 Bc6 $18) 24... Qg6 25. b3 Nd6 26. h4 Rde8 27. Qd2 Rhf8 28. Bg3 {White is clearly winning.} Nf5 29. Be5 Rf7 30. Qd3 {Accuracy: White = 77%, Black = 43%.} 1-0

[Event "GER-ch Blitz Women 2020"]
[Site "Magdeburg"]
[Date "2020.08.15"]
[Round "14.9"]
[White "Zschischang, Marine"]
[Black "Frey, Alisa"]
[Result "1-0"]
[WhiteElo "2070"]
[BlackElo "2087"]
[Annotator "TA"]
[PlyCount "141"]
[EventDate "2020.07.28"]
[EventType "tourn"]
[EventCountry "GER"]
[SourceTitle "playchess.com"]
[Source "ChessBase"]
[SourceQuality "1"]

{[%evp 13,140,0,0,-6,34,29,56,5,-4,-35,-35,-40,-38,-117,-133,-141,-118,-118,-94,-94,62,0,-10,-10,38,43,43,51,43,46,53,36,72,62,191,100,108,54,128,35,216,214,208,215,407,419,403,104,104,95,101,93,95,100,181,167,847,180,167,150,138,139,116,50,336,177,166,148,321,143,613,568,1195,1122,29982,29983,29983,29984,29984,29985,29985,981,908,837,812,789,714,718,718,568,5403,5383,5106,5106,12831,6597,12800,1841,29967,29970,29971,29975,29974,29975,29973,29941,29988,29989,29989,29990,29991,29989,29992,29993,29993,29994,29994,29995,29995,29996,29996,29996,29996,29997,29997,29998,29998,29999,29999]} 1. d4 Nf6 2. Nf3 g6 3. Nc3 d5 4. Bf4 Bg7 5. e3 O-O 6. Be2 c5 7. Ne5 {7.Ne5 was played by the boomers.} Nc6 8. h4 {D00: 1 d4 d5: Unusual lines.} e6 9. h5 Nd7 {[#]} 10. hxg6 $146 (10. Nxd7 $14 Bxd7 11. dxc5) ({Predecessor:} 10. Nxd7 Qxd7 11. hxg6 fxg6 12. dxc5 d4 13. Ne4 dxe3 14. Bxe3 Bxb2 15. Qxd7 Bxd7 16. Rb1 {1-0 (37) Kratschmer,H (2123)-Steiner,P (2031) Austria 2014}) 10... fxg6 $11 {And now ...cxd4 would win.} 11. Nxc6 bxc6 12. Bd6 Rf7 13. Bg4 ({White should play} 13. dxc5 $15 Qa5 14. O-O) 13... cxd4 $17 14. exd4 Nf6 15. Be5 Nxg4 (15... Qb6 {feels hotter.} 16. Bf3 Qxb2 17. Na4 Qa3 18. Nc5 Ne4) 16. Qxg4 c5 $2 (16... Bxe5 $17 17. dxe5 Qb6) 17. O-O-O ({Better is} 17. Bxg7 $14 Kxg7 18. dxc5) 17... cxd4 $11 18. Qxd4 {Hoping for Bxg7.} Bxe5 19. Qxe5 Qf6 20. Qxf6 Rxf6 21. f3 Ba6 22. Rhe1 Kf7 23. Rd4 Rd8 {[#]} (23... h5 $14) 24. Ra4 (24. Ne4 $1 $18 {[%mdl 512]}) 24... Rd6 $16 25. Rd1 (25. Ne2 $16) 25... Rf5 (25... Rc6 $14) 26. f4 (26. g4 $16 Re5 27. Kd2) 26... g5 $2 {[#]} (26... Kg7 $14) 27. Ne4 $1 $18 {[%cal Re4d6][%mdl 576] Double Attack, Pin} Rc6 (27... dxe4 28. Rxd6) 28. Nxg5+ Kg6 $2 (28... Kg8 {was worth a try.} 29. g3 Be2) 29. Nf3 Be2 30. Ne5+ $2 (30. Nh4+ $18 Kf6 31. Nxf5 Kxf5 32. Re1 (32. Rxa7 Bxd1 33. Kxd1 Kxf4 $16)) 30... Rxe5 $16 31. fxe5 Bxd1 32. Kxd1 {[%mdl 4096] Endgame KR-KR} Rc7 33. Rf4 Rb7 (33... Kg5 $16 {was called for.} 34. Rf6 Re7) 34. b3 $18 Rg7 $2 (34... Re7 35. Kd2 Kg5) 35. Rf6+ $2 (35. Rg4+ Kf7 36. Rxg7+ Kxg7 37. Kd2) 35... Kg5 36. Rxe6 Kf5 37. Re8 Rxg2 38. e6 (38. Re7 $16) 38... Rg4 $2 {[%mdl 8192]} ({Black should try} 38... Kf6 $14) 39. Re7 (39. e7 $142 {Black must now prevent Rf8+.} Ke6 40. Ra8 Rg1+ 41. Ke2 Kxe7 42. Rxa7+ Kd6 43. Rxh7) 39... h5 40. Rxa7 Re4 $2 (40... h4 $16 41. Rh7 Kxe6) 41. Rh7 (41. Re7 $18 {is the precise move to win.}) 41... Kg4 $2 {[%mdl 8192]} (41... Kg6 $16 42. Rd7 Rxe6) 42. e7 h4 43. a4 {[%cal Ba2a4,Ba4a5][%mdl 32]} Kg3 44. a5 h3 45. a6 h2 46. a7 Rxe7 47. Rxh2 ({Inferior is} 47. Rxe7 h1=Q+ 48. Kd2 Qh8 $11) (47. a8=Q $142 Rxh7 48. Qg8+ {[%mdl 64] Double Attack} Kf3 49. Qxh7 Kg3 50. Ke2 d4 51. b4 Kg4 52. Qxh2) 47... Rxa7 48. Re2 Rd7 49. Kd2 Kf4 50. Re8 Rd6 51. Kd3 Kf3 52. Rf8+ Kg4 53. Kd4 Rd7 54. b4 Rc7 55. c3 (55. b5 $142 Rb7 56. Kc5 Rc7+ 57. Kxd5 Rxc2 58. b6) 55... Rd7 56. b5 {White mates.} Kg5 57. b6 Rb7 58. Kc5 Rg7 59. Kxd5 Rb7 60. Kc6 Rh7 61. b7 Rh6+ 62. Kc7 Rh3 63. b8=Q Rxc3+ 64. Kd6 Rd3+ 65. Ke5 Re3+ 66. Kd4 Rh3 67. Qd8+ Kg4 68. Qd7+ Kg3 69. Qg7+ Kh2 70. Rf2+ Kh1 71. Qg2# {Accuracy: White = 51%, Black = 35%.} 1-0

[Event "GER-ch Blitz Women 2020"]
[Site "Magdeburg"]
[Date "2020.08.15"]
[Round "15.1"]
[White "Frey, Alisa"]
[Black "Paehtz, Elisabeth"]
[Result "0-1"]
[WhiteElo "2087"]
[BlackElo "2473"]
[Annotator "TA"]
[PlyCount "40"]
[EventDate "2020.07.28"]
[EventType "tourn"]
[EventCountry "GER"]
[SourceTitle "playchess.com"]
[Source "ChessBase"]
[SourceQuality "1"]

{[%evp 16,40,11,16,18,14,19,29,41,14,25,0,26,18,28,20,30,-589,-587,-608,-612,-672,-672,-737,-721,-747,-695]} 1. e4 c5 2. Nf3 d6 3. d4 cxd4 4. Nxd4 Nf6 5. Nc3 a6 6. f3 e5 7. Nb3 Be6 8. Be3 Nbd7 9. g4 Rc8 {B90: Sicilian Najdorf: Unusual White 6th moves, 6 Be3 Ng4 and 6 Be3 e5.} 10. g5 Nh5 11. Qd2 Be7 {White has an edge.} 12. Rg1 O-O 13. O-O-O Qc7 14. Nd5 Bxd5 $1 15. exd5 Nb6 {[#] Threatening ...Nxd5!} 16. Bh3 $146 {[%mdl 8192] Loses the game.} (16. Rg4 $11) ({Predecessor:} 16. Rg4 f5 17. Rb4 Nd7 18. h4 g6 19. Kb1 Rf7 20. Rc4 Qb8 21. Qb4 Bd8 22. Rxc8 Qxc8 {½-½ (36) Nunn,J (2630)-De Firmian,N (2590) San Francisco 1995}) 16... Nc4 $19 {Black is clearly winning.} 17. Qf2 Nxe3 {[%mdl 64] [#] Discovered Attack} 18. Bxc8 Nxd1 19. Kxd1 Rxc8 20. c3 Qc4 {Accuracy: White = 44%, Black = 77%.} 0-1

[Event "GER-ch Blitz Women 2020"]
[Site "Magdeburg"]
[Date "2020.08.15"]
[Round "15.2"]
[White "Zimmer, Elke"]
[Black "Zschischang, Marine"]
[Result "0-1"]
[WhiteElo "1952"]
[BlackElo "2070"]
[Annotator "TA"]
[PlyCount "132"]
[EventDate "2020.07.28"]
[EventType "tourn"]
[EventCountry "GER"]
[SourceTitle "playchess.com"]
[Source "ChessBase"]
[SourceQuality "1"]

{[%evp 23,132,0,14,0,0,0,33,16,39,19,15,19,14,6,38,28,26,22,50,35,27,-11,34,0,0,-11,-11,-11,-9,-9,-8,-3,-7,-12,0,-16,-17,-58,0,0,0,0,0,0,0,-29,-33,-170,-177,-483,-161,-471,-5,-19,-19,-190,-208,-264,-273,-260,-255,-289,-284,-292,-290,-289,-295,-427,-412,-447,-413,-440,-429,-545,-541,-528,-522,-583,-579,-556,-472,-552,-550,-675,-668,-668,-656,-634,-643,-626,-600,-599,-566,-835,-816,-890,-775,-1158,-1101,-4366,-3502,-5816,-5812,-29978,-29979,-29976,-29979,-29971,-7299,-6115,-6094]} 1. e4 e6 2. d4 d5 3. exd5 exd5 4. Nf3 Nf6 5. Bd3 Bd6 6. O-O O-O 7. c3 c6 8. Bg5 Bg4 9. Nbd2 Nbd7 10. Qc2 Qc7 11. Rae1 Rae8 12. h3 Bh5 (12... Be6 {is interesting.} 13. Re2 h6 14. Be3 b6 15. Rfe1 c5) 13. Bf5 {C01: French: Exchange Variation.} Bg6 14. Bxg6 fxg6 {[#]} 15. Qd3 $146 {White is slightly better.} ({Predecessor:} 15. Rxe8 Rxe8 16. Re1 Rxe1+ 17. Nxe1 Bf4 18. Bxf4 Qxf4 19. g3 {½-½ (19) Egyed,F-Zorkoczy,G (2024) Hungary 2012}) 15... Bf4 16. Re2 Rxe2 17. Qxe2 Re8 18. Qd1 Ne4 19. Bxf4 Qxf4 20. Re1 Re7 21. Nf1 g5 22. Ne3 g6 23. Qc1 (23. Qb3 $5 {[%cal Rb3b7]} Ndf6 24. c4 $14) 23... h5 24. Qc2 g4 25. hxg4 $1 hxg4 26. Nh2 g3 27. fxg3 Qxg3 28. Nf3 Ndf6 29. Nf1 Qf4 $36 {[%mdl 2048] Black has some pressure.} 30. Qc1 Qxc1 (30... Qg4 $1 $15) 31. Rxc1 $11 Ng4 32. N1h2 Nxh2 33. Nxh2 {[%mdl 4096] Endgame KRN-KRN} Nd2 34. Nf1 Nc4 35. Rc2 (35. b3 $15 Nd6 36. Rc2) 35... Re1 $19 36. Kf2 $2 (36. Rf2) 36... Ra1 $2 (36... Rxf1+ $1 37. Kxf1 Ne3+ {[%mdl 64] Double Attack} 38. Ke1 Nxc2+ 39. Kd2 Nxd4 40. cxd4 a5) 37. b3 $2 {[#]} (37. Re2 {is more resistant.}) 37... Nd6 $2 (37... Rxf1+ $1 $19 {[%mdl 512]} 38. Kxf1 Ne3+ {[%mdl 64] Double Attack} 39. Ke2 Nxc2) 38. Ng3 Kf7 39. Re2 $2 {Black continues to play with concentration.} (39. Ne2 $11) 39... Rc1 40. c4 dxc4 41. bxc4 Rxc4 ({But not} 41... Nxc4 42. Ne4 $17) 42. Rb2 Rxd4 43. Ne2 Rd3 44. Nf4 Ra3 45. g3 (45. Re2 {was called for.}) 45... g5 46. Ne2 Ne4+ 47. Kg2 b6 48. Rc2 c5 49. g4 Re3 50. a4 Ra3 51. Rc4 Nf6 52. Kf2 Ke6 53. Ng3 Kd5 54. Rc1 Nxg4+ 55. Kg2 Ne5 56. Rd1+ Kc6 57. Nf5 Rd3 58. Rb1 c4 59. Ne7+ Kc5 60. Nc8 Nc6 61. Rc1 c3 62. a5 bxa5 63. Kf2 Kc4 64. Ke2 g4 65. Rg1 Rd4 (65... Rd2+ $142 66. Ke3 {[#]} g3 $1 {[%mdl 512]} 67. Ke4 Rd8 68. Ne7 Re8 69. Kf3 Nd4+ 70. Kg2 Rxe7 71. Rh1 c2 72. Rh8 Re6 73. Rh1 Re2+ 74. Kxg3 a4 75. Kh4 Rh2+ $1 {[%mdl 576] Decoy, Promotion} 76. Rxh2 Nf3+ {[%mdl 64] Double Attack} 77. Kg4 Nxh2+ 78. Kg5 c1=Q+ 79. Kg6 a3 80. Kg7 a2 81. Kg8 Qf4 82. Kh7 a1=Q 83. Kg6 Qg1+ 84. Kh7 Qh4#) 66. Rc1 Rd8 {Accuracy: White = 38%, Black = 70%.} 0-1

[Event "GER-ch Blitz Women 2020"]
[Site "Magdeburg"]
[Date "2020.08.15"]
[Round "15.3"]
[White "Birkholz, Olga"]
[Black "Heinemann, Josefine"]
[Result "0-1"]
[WhiteElo "2001"]
[BlackElo "2281"]
[Annotator "TA"]
[PlyCount "32"]
[EventDate "2020.07.28"]
[EventType "tourn"]
[EventCountry "GER"]
[SourceTitle "playchess.com"]
[Source "ChessBase"]
[SourceQuality "1"]

{[%evp 9,32,10,18,0,21,12,29,31,29,32,42,31,61,57,47,69,50,-251,-247,-863,-862,-29996,-29997,-29998,-29999]} 1. d4 Nf6 2. Nc3 d5 3. Bf4 c6 4. e3 g6 5. Be2 Bg7 6. h4 {D00: 1 d4 d5: Unusual lines.} h6 7. Nf3 Bg4 8. Ne5 {White has an edge.} Bxe2 9. Qxe2 Nbd7 10. O-O-O Qa5 11. Kb1 $36 {[%mdl 2048] White has some pressure.} Nxe5 12. Bxe5 b5 {[%cal Bb7b5,Bb5b4,Bb4c3][%mdl 32] [#] aiming for ...b4.} 13. g4 $146 {[%mdl 8192]} (13. a3 $14 {stays ahead.}) ({Predecessor:} 13. Qd3 O-O 14. f3 b4 15. Ne2 Qb5 16. Nf4 Rfd8 17. g4 Ne8 18. Bxg7 Kxg7 19. Qd2 {1-0 (25) Mica,M (2313)-Folk,P (2160) Prague 2020}) 13... b4 $19 14. g5 $2 (14. Nxd5 cxd5 15. f4) 14... bxc3 15. gxf6 {[#]} Qb4 $1 {[%csl Gc3][%cal Rb4b2][%mdl 512]} 16. b3 Qa3 {White got outplayed after the opening. Accuracy: White = 44%, Black = 89%.} 0-1

[Event "GER-ch Blitz Women 2020"]
[Site "Magdeburg"]
[Date "2020.08.15"]
[Round "15.4"]
[White "Muetsch, Annmarie"]
[Black "Leib, Britta"]
[Result "1-0"]
[WhiteElo "2219"]
[BlackElo "1903"]
[Annotator "TA"]
[PlyCount "33"]
[EventDate "2020.07.28"]
[EventType "tourn"]
[EventCountry "GER"]
[SourceTitle "playchess.com"]
[Source "ChessBase"]
[SourceQuality "1"]

{[%evp 11,32,20,53,45,150,138,150,137,106,27,29,16,49,44,62,56,264,276,463,457,509,499,29999]} 1. e4 e6 2. d4 d5 3. Nd2 c5 4. exd5 exd5 5. Ngf3 Nc6 6. Bb5 Qb6 7. Qe2+ {C09: French Tarrasch: 3...c5 4 exd5 exd5 5 Ngf3 Nc6.} Be7 (7... Be6 $1 $14) 8. dxc5 $16 Qxc5 9. Nb3 {White is clearly better.} Qd6 10. c3 (10. O-O $16) 10... Nf6 $11 11. Be3 Ne4 {[#]} 12. Nfd4 $146 {[#] Black must now prevent f3.} ({Predecessor:} 12. O-O-O O-O 13. Nfd2 Bf5 14. Nxe4 Bxe4 15. Bd3 Bxd3 16. Qxd3 Rfd8 17. Kb1 Ne5 18. Bf4 Nxd3 19. Bxd6 Rxd6 20. Rxd3 {1-0 (43) Player,E (2127)-Lazarus,S Caerleon 2005}) 12... O-O 13. f3 $36 {[%mdl 2048] White is pushing.} Bh4+ $2 {This costs Black the game.} (13... Nf6 $14) 14. g3 $18 Bxg3+ $2 (14... Nxg3 15. hxg3 Bxg3+ 16. Kd1 Bd7 17. Nxc6 bxc6) 15. hxg3 Nxg3 {[#]} 16. Qh2 $1 {[%csl Gh1][%cal Rh2h7][%mdl 512]} Qe7 (16... h6 $18 17. Bxh6 Qxh6) 17. Qxh7# {Accuracy: White = 78%, Black = 17%.} 1-0

[Event "GER-ch Blitz Women 2020"]
[Site "Magdeburg"]
[Date "2020.08.15"]
[Round "15.5"]
[White "Kosovska, Olena"]
[Black "Voicu-Jagodzinsky, Carmen"]
[Result "0-1"]
[WhiteElo "1881"]
[BlackElo "2244"]
[Annotator "RC"]
[PlyCount "65"]
[EventDate "2020.07.28"]
[EventType "tourn"]
[EventCountry "GER"]
[SourceTitle "playchess.com"]
[Source "ChessBase"]
[SourceQuality "1"]
[TimeControl "180+2"]

1. e4 {[%emt 0:00:00]} c5 {[%emt 0:00:00]} 2. Nc3 {[%emt 0:00:00]} Nc6 {[%emt 0:00:00]} 3. f4 {[%emt 0:00:01]} a6 {[%emt 0:00:00]} 4. Nf3 {[%emt 0:00:02]} b5 {[%emt 0:00:01]} 5. g3 {[%emt 0:00:02]} Bb7 {[%emt 0:00:01]} 6. Bg2 {[%emt 0:00:02]} b4 {[%emt 0:00:03]} 7. Ne2 {[%emt 0:00:11]} e6 {[%emt 0:00:07]} 8. O-O {[%emt 0:00:02]} Nf6 {[%emt 0:00:08]} 9. e5 {[%emt 0:00:16]} Nd5 {[%emt 0:00:00]} 10. c4 {[%emt 0:00:45]} bxc3 {[%emt 0:00:03]} 11. bxc3 {[%emt 0:00:01]} Be7 {[%emt 0:00:09]} 12. Rb1 {[%emt 0:00:08]} Rb8 {[%emt 0:00:03]} 13. c4 {[%emt 0:00:16]} Ndb4 {[%emt 0:00:27]} 14. Qb3 {[%emt 0:00:10]} Na5 {[%emt 0:00:14]} 15. Qa4 {[%emt 0:00:37]} Be4 {[%emt 0:00:04]} 16. Rb3 {[%emt 0:00:09]} Bc6 {[%emt 0:00:15]} 17. Rxb4 {[%emt 0:00:15]} Bxa4 {[%emt 0:00:06]} 18. Rxa4 {[%emt 0:00:01]} O-O {[%emt 0:00:04]} 19. Ba3 {[%emt 0:00:06]} d6 {[%emt 0:00:04]} 20. d4 {[%emt 0:00:08]} Qb6 {[%emt 0:00:25]} 21. exd6 {[%emt 0:00:04]} Bxd6 {[%emt 0:00:02]} 22. d5 {[%emt 0:00:15]} exd5 {[%emt 0:00:09]} 23. Ne5 {[%emt 0:00:04]} Bxe5 {[%emt 0:00:06]} 24. fxe5 {[%emt 0:00:01]} Nxc4 25. Bxd5 {[%emt 0:00:03]} Ne3 {[%emt 0:00:17]} 26. Bxf7+ {[%emt 0:00:05]} Rxf7 {[%emt 0:00:03]} 27. Rxf7 {[%emt 0:00:02]} Kxf7 {[%emt 0:00:01]} 28. Rf4+ {[%emt 0:00:02]} Kg8 {[%emt 0:00:02]} 29. Rf3 {[%emt 0:00:05]} Qb1+ {[%emt 0:00:09]} 30. Kf2 {[%emt 0:00:03]} Ng4+ {[%emt 0:00:02]} 31. Kg2 {[%emt 0:00:01]} Nxe5 {[%emt 0:00:03]} 32. Rf5 {[%emt 0:00:04]} Qxf5 {[%emt 0:00:02]} 33. Bc1 0-1